000 00651nam a2200169 i 4500
001 145770
003 ES-MaACL
005 20230906201316.0
007 t|
008 071016s1925 sp ||||1| spa d
100 1 _aVergara Martín, Gabriel María.
_9114089
245 1 0 _aCuatro mil palabras y algunas más, de uso frecuente no incluidas en el diccionario de la Real Academia Española o que lo están en otras acepciones o como anticuadas /
_crecogidas por Gabriel María Vergara Martín...
250 _a15ª ed.
260 _aMadrid :
_bSucesores de Rivadeneyra,
_c1925.
300 _a194 p. ;
_c19 cm.
852 _aES-MaACL
_jF-15406
_bR.17086
999 _c145770
_d145770